[Event "Chigorin Memorial 2014"]
[Site "St Petersburg RUS"]
[Date "2014.10.18"]
[Round "1.1"]
[White "Denishev, Marat"]
[Black "Matlakov, Maxim"]
[Result "0-1"]
[BlackTitle "GM"]
[WhiteElo "2183"]
[BlackElo "2692"]
[WhiteFideId "24131563"]
[BlackFideId "4168003"]
[EventDate "2014.10.18"]

1. d4 Nf6 2. Nf3 d5 3. c4 e6 4. g3 Bb4+ 5. Bd2 Bd6 6. Bg2 Nbd7 7. Qc2 c6 8. O-O
O-O 9. Rd1 Ne4 10. Nc3 Nxd2 11. Nxd2 f5 12. e3 Nf6 13. Ne2 Bd7 14. Nf4 Qe7 15.
Nf3 Ne4 16. Nd3 Be8 17. Nfe5 g5 18. Re1 Qg7 19. f3 Nf6 20. Rad1 Kh8 21. Rd2 Rd8
22. Rde2 h5 23. Kh1 Qh6 24. e4 h4 25. gxh4 Qxh4 26. exf5 exf5 27. cxd5 Nh5 28.
Re3 f4 29. R3e2 Ng3+ 30. Kg1 Nxe2+ 31. Rxe2 cxd5 32. Qb3 Qh7 33. Qxd5 Bc7 34.
Qc5 Bh5 35. Qxa7 Rf6 36. Qxb7 Rxd4 37. Qb3 Bb6 38. Kh1 Rh6 39. Qa3 Rhd6 40. Qc3
Qc7 41. Rc2 Qxc3 42. Rxc3 R4d5 43. Bf1 Bd4 44. Rc8+ Kg7 45. Ng4 Bxg4 46. fxg4
Bf6 47. Nf2 Re5 48. b4 Re1 49. Kg1 Rd2 0-1

[Event "Chigorin Memorial 2014"]
[Site "St Petersburg RUS"]
[Date "2014.10.18"]
[Round "1.2"]
[White "Alekseev, Evgeny"]
[Black "Klyuev, Alexander S."]
[Result "1-0"]
[WhiteTitle "GM"]
[WhiteElo "2682"]
[BlackElo "2181"]
[WhiteFideId "4138147"]
[BlackFideId "4194250"]
[EventDate "2014.10.18"]

1. e4 c5 2. Nf3 d6 3. d4 cxd4 4. Nxd4 Nf6 5. Nc3 a6 6. h3 e6 7. g4 d5 8. exd5
Nxd5 9. Nde2 Nc6 10. Bg2 Nxc3 11. Qxd8+ Nxd8 12. Nxc3 Bd7 13. O-O Bc6 14. Ne4
Be7 15. Rd1 O-O 16. Be3 Rc8 17. c3 f6 18. Nd6 Rc7 19. Bb6 Bxd6 20. Rxd6 Rc8 21.
Rad1 Bxg2 22. Kxg2 Nc6 23. Rxe6 Rfe8 24. Re3 Rxe3 25. Bxe3 Rd8 26. Rxd8+ Nxd8
27. Kf3 Kf7 28. Ke4 Ke6 29. f4 Kd6 30. f5 b5 31. b3 Kc6 32. h4 h6 33. g5 hxg5
34. hxg5 Nf7 35. g6 Nd6+ 36. Kf4 a5 37. Bc1 Kc5 38. Ba3+ b4 39. Bb2 Ne8 40. c4
Kc6 41. Bd4 1-0

[Event "Chigorin Memorial 2014"]
[Site "St Petersburg RUS"]
[Date "2014.10.18"]
[Round "1.3"]
[White "Vunder, Andrey"]
[Black "Khismatullin, Denis"]
[Result "0-1"]
[BlackTitle "GM"]
[WhiteElo "2181"]
[BlackElo "2681"]
[WhiteFideId "4128338"]
[BlackFideId "4142578"]
[EventDate "2014.10.18"]

1. d4 Nf6 2. Nf3 g6 3. Bg5 Bg7 4. e3 O-O 5. Be2 c5 6. c3 d6 7. O-O Be6 8. dxc5
dxc5 9. Qxd8 Rxd8 10. Nbd2 Nc6 11. Bc4 Bxc4 12. Nxc4 Ne4 13. a4 Rd5 14. Bh4 Rad8
15. Rfc1 h5 16. h3 g5 17. Bg3 f5 18. h4 g4 19. Ng5 Nxg3 20. fxg3 Ne5 21. Nxe5
Bxe5 22. e4 Rd3 23. exf5 Bxg3 24. Ne4 Bxh4 25. Nxc5 Rd2 26. Ne6 R8d5 27. Rf1
Rxb2 28. Nd4 Bf6 29. Rad1 Kf7 30. Ne6 Rxd1 31. Rxd1 Bxc3 32. Rd8 Kf6 33. Rd5 g3
34. Kf1 Rf2+ 35. Kg1 Rxf5 36. Nc7 Be5 0-1

[Event "Chigorin Memorial 2014"]
[Site "St Petersburg RUS"]
[Date "2014.10.18"]
[Round "1.4"]
[White "Menkov, Aleksandr"]
[Black "Rodshtein, Maxim"]
[Result "0-1"]
[BlackTitle "GM"]
[WhiteElo "2170"]
[BlackElo "2678"]
[WhiteFideId "24160326"]
[BlackFideId "2806851"]
[EventDate "2014.10.18"]

1. e4 c6 2. d4 d5 3. exd5 cxd5 4. c4 Nf6 5. Nc3 e6 6. Bg5 Be7 7. Nf3 O-O 8. Rc1
dxc4 9. Bxc4 a6 10. O-O Nc6 11. Qd3 b5 12. Bb3 Bb7 13. Bxf6 Bxf6 14. Ne4 Na5 15.
Bc2 g6 16. Ne5 Bxe4 17. Qxe4 Rc8 18. Rfd1 Qd6 19. Qf4 Qe7 20. Qe4 Rfd8 21. Bd3
Rxc1 22. Rxc1 Qd6 23. Nf3 Bxd4 24. Nxd4 Qxd4 25. Rc8 Kg7 26. Rxd8 Qxd8 27. a4
Qf6 28. axb5 axb5 29. Qb4 Nc4 30. b3 Qb2 31. Qxb5 Nd2 32. g3 Nxb3 33. Kg2 Qc3
34. Qc4 Qxc4 35. Bxc4 Nd2 36. Bd3 e5 37. f3 f5 38. Kf2 Kf6 39. Ke2 Nb3 40. Ke3
Nc5 41. Bc4 Nd7 42. Bd5 Ke7 43. Bc4 Nf6 44. Bb3 Kd6 45. Bf7 g5 46. Bb3 Nd5+ 47.
Kd3 h5 48. h4 f4 49. gxf4 Nxf4+ 50. Ke3 gxh4 51. Kf2 Kc5 52. Bc2 Kd4 53. Be4
Nd3+ 54. Kg1 Ke3 55. Bg6 Ne1 56. Bxh5 Nxf3+ 57. Kg2 e4 58. Kh3 Kf2 59. Be8 e3 0-1

[Event "Chigorin Memorial 2014"]
[Site "St Petersburg RUS"]
[Date "2014.10.18"]
[Round "1.5"]
[White "Grachev, Boris"]
[Black "Abdusattorov, Nodirbek"]
[Result "1-0"]
[WhiteTitle "GM"]
[BlackTitle "FM"]
[WhiteElo "2673"]
[BlackElo "2212"]
[WhiteFideId "4129199"]
[BlackFideId "14204118"]
[EventDate "2014.10.18"]

1. d4 Nf6 2. Nf3 g6 3. g3 Bg7 4. Bg2 O-O 5. O-O d5 6. Nbd2 c5 7. dxc5 Na6 8. Nb3
Ne4 9. Ng5 Nf6 10. e4 h6 11. e5 hxg5 12. exf6 Bxf6 13. Qxd5 Qc7 14. c3 Rd8 15.
Qc4 Bf5 16. Re1 Rab8 17. Be3 b5 18. Qe2 Bd3 19. Qg4 b4 20. Rac1 bxc3 21. bxc3
Qc8 22. Qxc8 Rdxc8 23. c6 Rc7 24. h4 gxh4 25. Bf4 hxg3 26. Bxg3 Rcc8 27. Bxb8
Nxb8 28. Red1 Bb5 29. c7 Nd7 30. c4 Ba4 31. Nc5 Bxd1 32. Rxd1 Nf8 33. Na6 1-0

[Event "Chigorin Memorial 2014"]
[Site "St Petersburg RUS"]
[Date "2014.10.18"]
[Round "1.6"]
[White "Kobzar, Alexandr"]
[Black "Sjugirov, Sanan"]
[Result "0-1"]
[BlackTitle "GM"]
[WhiteElo "2176"]
[BlackElo "2664"]
[WhiteFideId "14113660"]
[BlackFideId "4189302"]
[EventDate "2014.10.18"]

1. e4 c5 2. Nf3 d6 3. d4 cxd4 4. Nxd4 Nf6 5. Nc3 a6 6. a4 Nc6 7. a5 e6 8. Nxc6
bxc6 9. Bc4 d5 10. exd5 cxd5 11. Be2 Bd6 12. O-O Rb8 13. Be3 Qc7 14. h3 Rxb2 15.
Na4 Rb8 16. Nb6 Bh2+ 17. Kh1 Be5 18. Bd4 Bb7 19. c4 Bxd4 20. Qxd4 e5 21. Qe3 d4
22. Qa3 Qe7 23. Rfe1 Qxa3 24. Rxa3 O-O 25. Bd1 Rfe8 26. Ba4 Re6 27. Rb3 Rd8 28.
Nd7 Nxd7 29. Rxb7 Nb8 0-1

[Event "Chigorin Memorial 2014"]
[Site "St Petersburg RUS"]
[Date "2014.10.18"]
[Round "1.7"]
[White "Smirin, Ilia"]
[Black "Altshul, Raffael"]
[Result "1-0"]
[WhiteTitle "GM"]
[BlackTitle "FM"]
[WhiteElo "2655"]
[BlackElo "2174"]
[WhiteFideId "2801990"]
[BlackFideId "4120280"]
[EventDate "2014.10.18"]

1. e4 d6 2. d4 g6 3. c4 Bg7 4. Nc3 Nf6 5. h3 O-O 6. Nf3 c6 7. Bd3 a6 8. O-O e5
9. d5 Nh5 10. Bg5 f6 11. Be3 Nf4 12. c5 dxc5 13. Bxc5 Re8 14. Bc4 Kh8 15. Be3 b5
16. Bb3 Bb7 17. Bxf4 exf4 18. Nd4 c5 19. Ne6 Qd6 20. e5 Qb6 21. Nxg7 Kxg7 22. e6
c4 23. Bc2 a5 24. Nxb5 Qxb5 25. Ba4 Qxd5 26. Qxd5 Bxd5 27. Bxe8 Bxe6 28. Rfe1
Bf5 29. Rac1 1-0

[Event "Chigorin Memorial 2014"]
[Site "St Petersburg RUS"]
[Date "2014.10.18"]
[Round "1.8"]
[White "Khairullin, Ildar"]
[Black "Kostyuchenko, Vladimir"]
[Result "1-0"]
[WhiteTitle "GM"]
[WhiteElo "2643"]
[BlackElo "2169"]
[WhiteFideId "4151348"]
[BlackFideId "4126084"]
[EventDate "2014.10.18"]

1. c4 Nf6 2. Nf3 e6 3. g3 d5 4. Bg2 c5 5. O-O Nc6 6. cxd5 Nxd5 7. d4 b6 8. e4
Nc7 9. d5 Nb4 10. a3 Nba6 11. Nc3 Bb7 12. Bf4 exd5 13. exd5 Bd6 14. Re1+ Kf8 15.
Bxd6+ Qxd6 16. Ne5 Re8 17. Qh5 g6 18. Qh6+ Kg8 19. Nc4 Qf8 20. Qf4 Kg7 21. Nd6
Rxe1+ 22. Rxe1 Ba8 23. Nf5+ Kg8 24. Ne7+ Kg7 25. d6 Bxg2 26. Nf5+ Kg8 27. dxc7
Bb7 28. Nd5 1-0

[Event "Chigorin Memorial 2014"]
[Site "St Petersburg RUS"]
[Date "2014.10.18"]
[Round "1.9"]
[White "Nazaretyan, Tigran"]
[Black "Kokarev, Dmitry"]
[Result "1/2-1/2"]
[BlackTitle "GM"]
[WhiteElo "2168"]
[BlackElo "2626"]
[WhiteFideId "24162345"]
[BlackFideId "4132181"]
[EventDate "2014.10.18"]

1. d4 Nf6 2. c4 g6 3. Nc3 Bg7 4. e4 O-O 5. Nf3 d6 6. Be2 c5 7. d5 e6 8. h3 Re8
9. O-O exd5 10. exd5 Bf5 11. Bd3 Ne4 12. Nxe4 Bxe4 13. Bxe4 Rxe4 14. Qd3 Re8 15.
Bg5 Qd7 16. Rae1 Na6 17. Qb3 b6 18. Bd2 Nc7 19. Bc3 Rxe1 20. Rxe1 Re8 21. Bxg7
Rxe1+ 22. Nxe1 Kxg7 23. Qc3+ f6 24. Qe3 Kf7 25. Qh6 Kg8 26. Qe3 b5 27. b3 bxc4
28. bxc4 Na8 29. Nd3 Nb6 30. Qe4 Kf7 31. Qh4 h5 32. Qe4 Qe7 33. Qxe7+ Kxe7 34.
Nb2 h4 35. f4 g5 36. Kf2 Kf7 37. Kf3 Kg6 38. Ke4 Nd7 39. Nd3 f5+ 40. Kf3 Nf6 41.
Nf2 gxf4 42. Kxf4 Nh5+ 43. Kf3 Ng3 44. Ke3 Kf6 45. a3 Kg5 46. Nd3 Nf1+ 47. Ke2
Ng3+ 48. Kf2 Nh5 49. Kf3 Nf6 50. Ke3 Nd7 51. Ne1 Ne5 52. Nf3+ Nxf3 53. gxf3 Kg6
54. f4 a5 55. a4 1/2-1/2

[Event "Chigorin Memorial 2014"]
[Site "St Petersburg RUS"]
[Date "2014.10.18"]
[Round "1.10"]
[White "Ivanisevic, Ivan"]
[Black "Tokhirjonova, Gulrukhbegim"]
[Result "1-0"]
[WhiteTitle "GM"]
[BlackTitle "WFM"]
[WhiteElo "2623"]
[BlackElo "2160"]
[WhiteFideId "912417"]
[BlackFideId "14203626"]
[EventDate "2014.10.18"]

1. d4 d5 2. c4 c6 3. Nf3 Nf6 4. g3 dxc4 5. Bg2 Nbd7 6. O-O g6 7. Nc3 Bg7 8. e4
Nb6 9. a4 a5 10. h3 O-O 11. Qe2 h6 12. Be3 Be6 13. Rad1 Nfd7 14. g4 Nb8 15. Ne5
g5 16. f4 f6 17. d5 cxd5 18. exd5 Bc8 19. Ng6 Re8 20. Bc5 Kf7 21. Qe6+ Bxe6 22.
dxe6+ Kxe6 23. Rxd8 Rxd8 24. Re1+ Kf7 25. Rxe7+ Kg8 26. Bxb6 Nc6 27. Bxc6 Rd2
28. Bd5+ Kh7 29. Be4 Kg8 30. Rxb7 Rxb2 31. Ne7+ Kh8 32. Nf5 Bf8 33. Bd4 Rxb7 34.
Bxf6+ Kg8 35. Bxb7 1-0

[Event "Chigorin Memorial 2014"]
[Site "St Petersburg RUS"]
[Date "2014.10.18"]
[Round "1.11"]
[White "Tukubayev, K"]
[Black "Andriasian, Zaven"]
[Result "0-1"]
[BlackTitle "GM"]
[WhiteElo "2160"]
[BlackElo "2622"]
[WhiteFideId "13708147"]
[BlackFideId "13302000"]
[EventDate "2014.10.18"]

1. e4 c5 2. Nf3 d6 3. d4 cxd4 4. Nxd4 Nf6 5. Nc3 a6 6. Bc4 e6 7. Bb3 Nbd7 8. O-O
Nc5 9. Qe2 b5 10. a3 Bb7 11. f3 Be7 12. Be3 O-O 13. Rad1 Nxb3 14. cxb3 Rc8 15.
Kh1 Qc7 16. Rc1 Qb8 17. Bg5 Rfe8 18. Rfd1 h6 19. Be3 d5 20. exd5 Nxd5 21. Nxd5
Bxd5 22. Rxc8 Rxc8 23. b4 Qe5 24. Qd2 Bd6 25. Bg1 Qf6 26. Rc1 Rd8 27. Qf2 Be5
28. Rd1 Bb7 29. Qe3 Rxd4 30. Rxd4 Bxd4 31. Qxd4 Qxf3 32. Qf2 Qe4 33. Qd2 e5 0-1

[Event "Chigorin Memorial 2014"]
[Site "St Petersburg RUS"]
[Date "2014.10.18"]
[Round "1.12"]
[White "Ponkratov, Pavel"]
[Black "Dilmukhametov, Artur"]
[Result "1-0"]
[WhiteTitle "GM"]
[WhiteElo "2617"]
[BlackElo "2157"]
[WhiteFideId "4157800"]
[BlackFideId "24179922"]
[EventDate "2014.10.18"]

1. d4 d5 2. c4 c6 3. Nf3 Nf6 4. Qc2 dxc4 5. Qxc4 Bf5 6. g3 e6 7. Bg2 Be7 8. O-O
O-O 9. e3 Nbd7 10. Qe2 c5 11. Nc3 Ne4 12. Rd1 cxd4 13. Nxd4 Nxc3 14. bxc3 Qc8
15. Nxf5 exf5 16. c4 Nc5 17. Bb2 Rd8 18. Bd5 Qc7 19. Qh5 Bd6 20. Qxf5 Qe7 21.
Rd4 g6 22. Rg4 1-0

[Event "Chigorin Memorial 2014"]
[Site "St Petersburg RUS"]
[Date "2014.10.18"]
[Round "1.13"]
[White "Pogosian, Vladimir"]
[Black "Bukavshin, Ivan"]
[Result "0-1"]
[BlackTitle "GM"]
[WhiteElo "2156"]
[BlackElo "2616"]
[WhiteFideId "13301586"]
[BlackFideId "4199758"]
[EventDate "2014.10.18"]

1. e4 c5 2. Ne2 Nf6 3. Nbc3 Nc6 4. g3 g6 5. Bg2 Bg7 6. d3 d6 7. O-O O-O 8. h3
Rb8 9. a4 a6 10. f4 Ne8 11. f5 b5 12. axb5 axb5 13. Nf4 c4 14. Nce2 cxd3 15.
cxd3 e6 16. Kh1 Nc7 17. g4 exf5 18. gxf5 Kh8 19. Qc2 Bb7 20. Be3 Ne8 21. fxg6
hxg6 22. Nd5 Ne5 23. Qd2 Bxd5 24. exd5 Rb7 25. Nd4 Qh4 26. Rf4 Qh5 27. Nc6 Bh6
28. Rb4 Bxe3 29. Qxe3 Ng7 30. Nxe5 Qxe5 31. Qxe5 dxe5 32. Re1 Nf5 33. Rxe5 Nd6
34. Rf4 Kg7 35. Rf2 Rc8 36. Rfe2 Rc1+ 37. Kh2 Rbc7 38. Bf3 Rd1 39. Re7 Rxe7 40.
Rxe7 Rd2+ 41. Re2 Rxd3 42. Bg2 Rb3 43. Rc2 Kf6 44. Rf2+ Ke5 45. Re2+ Kd4 46.
Rd2+ Kc5 47. Rf2 f5 48. Re2 f4 49. Rf2 g5 50. h4 gxh4 51. Rxf4 Rxb2 52. Rxh4 b4
53. Rh7 b3 54. Rc7+ Kb4 55. Rc6 Nc4 56. Kg3 Re2 0-1

[Event "Chigorin Memorial 2014"]
[Site "St Petersburg RUS"]
[Date "2014.10.18"]
[Round "1.14"]
[White "Ganguly, Surya Shekhar"]
[Black "Yakimov, S.Y."]
[Result "1-0"]
[WhiteTitle "GM"]
[BlackTitle "FM"]
[WhiteElo "2613"]
[BlackElo "2155"]
[WhiteFideId "5002150"]
[BlackFideId "4153286"]
[EventDate "2014.10.18"]

1. e4 Nf6 2. e5 Nd5 3. d4 d6 4. c4 Nb6 5. exd6 exd6 6. Nc3 Nc6 7. Be2 g6 8. h3
Bg7 9. Nf3 O-O 10. O-O Bf5 11. Bf4 Re8 12. b3 d5 13. c5 Nc8 14. Nb5 Re7 15. Bg5
f6 16. Be3 Be6 17. Qd2 Bf7 18. Bd3 a6 19. Nc3 Re8 20. a3 N6e7 21. b4 Qd7 22. a4
Nf5 23. Bf4 g5 24. Bxc7 Nxd4 25. Nxd4 Qxc7 26. Qc2 h6 27. Bh7+ Kf8 28. Bg6 Bxg6
29. Qxg6 Qf7 30. Qxf7+ Kxf7 31. Nxd5 Rb8 32. Nf5 Re5 33. Nde3 Ne7 34. Nd6+ Kg6
35. Nec4 Re6 36. b5 Bf8 37. Rfb1 axb5 38. Rxb5 Nc8 39. Nxb7 Na7 40. Rb3 Rbe8 41.
Kf1 Bxc5 42. Nxc5 Rc6 43. Nb7 1-0

[Event "Chigorin Memorial 2014"]
[Site "St Petersburg RUS"]
[Date "2014.10.18"]
[Round "1.15"]
[White "Leite, Catarina"]
[Black "Sethuraman, S.P."]
[Result "0-1"]
[WhiteTitle "WIM"]
[BlackTitle "GM"]
[WhiteElo "2154"]
[BlackElo "2613"]
[WhiteFideId "1901222"]
[BlackFideId "5021596"]
[EventDate "2014.10.18"]

1. e4 c5 2. Nf3 d6 3. d4 cxd4 4. Nxd4 Nf6 5. Nc3 a6 6. Bg5 Nbd7 7. f4 Qc7 8. Qf3
h6 9. Bh4 g5 10. fxg5 hxg5 11. Bxg5 Rg8 12. Qe3 e6 13. h3 Be7 14. O-O-O Ng4 15.
Ndb5 axb5 16. Nxb5 Qc6 17. Nxd6+ Qxd6 0-1

[Event "Chigorin Memorial 2014"]
[Site "St Petersburg RUS"]
[Date "2014.10.18"]
[Round "1.16"]
[White "Smirnov, Pavel"]
[Black "Kuzmin, Egor"]
[Result "1-0"]
[WhiteTitle "GM"]
[WhiteElo "2611"]
[BlackElo "2154"]
[WhiteFideId "4123425"]
[BlackFideId "24101737"]
[EventDate "2014.10.18"]

1. d4 Nf6 2. c4 e6 3. Nc3 d5 4. Nf3 Be7 5. Bf4 O-O 6. e3 c6 7. h3 Nbd7 8. Qc2 a6
9. Rd1 h6 10. Ne5 Ne4 11. Nxe4 dxe4 12. c5 Nxe5 13. Bxe5 f6 14. Bg3 Qa5+ 15. Qc3
Qxc3+ 16. bxc3 Bd8 17. Bc4 Ba5 18. Kd2 Rf7 19. Rb1 Bc7 20. Bxc7 Rxc7 21. f3 exf3
22. gxf3 Bd7 23. e4 Rd8 24. f4 Kf8 25. Ke3 Bc8 26. Rhg1 Re7 27. Rb2 Rdd7 28. e5
f5 29. h4 Rc7 30. Rg6 Bd7 31. Kd3 Kf7 32. Rbg2 Kf8 33. Kc2 Rc8 34. Kb3 Ra8 35.
Ka4 a5 36. Rb2 Ra7 37. Rg1 Be8 38. Be2 Rd7 39. Bf3 Bf7 40. Kb3 Ra8 41. Kc2 Rc8
42. Kd3 Ra8 43. Ke3 Ra7 44. Rb3 Rc7 45. Rgb1 Rd7 46. Rb6 Rc7 47. c4 Be8 48. d5
exd5 49. cxd5 cxd5 50. Bxd5 Rxc5 51. Kd4 Rc7 52. Rxb7 Raxb7 53. Rxb7 Rxb7 54.
Bxb7 Ke7 55. Kc5 g6 56. Bd5 Bd7 57. a3 a4 58. Bc4 Be8 59. Ba2 Bd7 60. Bd5 Be8
61. e6 g5 62. fxg5 hxg5 63. hxg5 f4 64. Kd4 Kd6 65. e7 Bg6 66. Be4 Bh5 67. Bf3
Bg6 68. Bg4 Kxe7 69. Ke5 Bc2 70. Kxf4 Kf7 71. Bh5+ Kg7 72. Ke5 Bb3 73. Be8 Kf8
74. Bg6 Ke7 75. Bh5 Be6 76. g6 Bb3 77. g7 Ba2 78. Bg6 Bg8 79. Kf5 Be6+ 80. Kg5
Bg8 81. Kh6 Kf6 82. Bc2 1-0

[Event "Chigorin Memorial 2014"]
[Site "St Petersburg RUS"]
[Date "2014.10.18"]
[Round "1.17"]
[White "Puzko, Danila"]
[Black "Potkin, Vladimir"]
[Result "0-1"]
[BlackTitle "GM"]
[WhiteElo "2154"]
[BlackElo "2610"]
[WhiteFideId "24153745"]
[BlackFideId "4131061"]
[EventDate "2014.10.18"]

1. d4 d5 2. c4 e6 3. Nc3 Bb4 4. Qc2 dxc4 5. Nf3 Nf6 6. Bg5 b5 7. a4 c6 8. g3 Bb7
9. Bg2 Nbd7 10. O-O Qb6 11. Rfd1 O-O 12. e4 a6 13. Bxf6 Nxf6 14. e5 Nd5 15. Ng5
g6 16. h4 Be7 17. Nce4 Rad8 18. Qe2 h6 19. Nh3 c5 20. dxc5 Bxc5 21. Qg4 Be7 22.
h5 g5 23. axb5 axb5 24. Kh2 Kh7 25. Qe2 Qc7 26. Nc3 Nxc3 27. bxc3 Bxg2 28. Kxg2
Rxd1 29. Rxd1 Rd8 30. Rxd8 Qxd8 31. f3 Bc5 32. g4 Kg7 33. Nf2 Qd5 34. Nd1 Bb6
35. Kg3 Bc7 0-1

[Event "Chigorin Memorial 2014"]
[Site "St Petersburg RUS"]
[Date "2014.10.18"]
[Round "1.18"]
[White "Goganov, Aleksey"]
[Black "Kalinin, Nikita"]
[Result "1-0"]
[WhiteTitle "GM"]
[WhiteElo "2608"]
[BlackElo "2152"]
[WhiteFideId "24109959"]
[BlackFideId "24155390"]
[EventDate "2014.10.18"]

1. Nf3 f5 2. g3 Nf6 3. Bg2 g6 4. O-O Bg7 5. c4 O-O 6. d4 d6 7. Nc3 Nc6 8. d5 Na5
9. Qa4 c5 10. dxc6 Nxc6 11. Rd1 Qa5 12. Qb3 Kh8 13. Bd2 Qc7 14. Nd5 Qd8 15. Bc3
Ne4 16. Bxg7+ Kxg7 17. Nd2 Ng5 18. Qc3+ Kg8 19. Nb3 e6 20. Nb4 Qc7 21. Qd2 Nf7
22. Rac1 Bd7 23. Nd5 Qd8 24. Nf4 Qf6 25. Qc3 Qxc3 26. Rxc3 Rac8 27. Nc5 dxc5 28.
Rxd7 Nd4 29. e3 g5 30. exd4 cxd4 31. Rxd4 gxf4 32. Bxb7 Rc7 33. Bg2 fxg3 34.
hxg3 Rfc8 35. f4 Kf8 36. b4 Ke7 37. c5 1-0

[Event "Chigorin Memorial 2014"]
[Site "St Petersburg RUS"]
[Date "2014.10.18"]
[Round "1.19"]
[White "Ivanov, Sergei V."]
[Black "Savchenko, Boris"]
[Result "0-1"]
[BlackTitle "GM"]
[WhiteElo "2146"]
[BlackElo "2608"]
[WhiteFideId "24170003"]
[BlackFideId "4147332"]
[EventDate "2014.10.18"]

1. e4 e6 2. d4 d5 3. Nd2 Be7 4. Ngf3 Nf6 5. e5 Nfd7 6. Bd3 c5 7. c3 Nc6 8. O-O
Qb6 9. dxc5 Nxc5 10. Bc2 g5 11. Qe2 Nd7 12. Ba4 Qa5 13. Bb5 a6 14. Bxc6 bxc6 15.
Re1 Rg8 16. Nd4 c5 17. Nc6 Qb5 18. Nxe7 Qxe2 19. Rxe2 Kxe7 20. Nb3 a5 21. Be3
Ba6 22. Ree1 Rac8 23. f4 a4 24. Nd2 d4 25. cxd4 cxd4 26. Bxd4 gxf4 27. Bc3 Bb7
28. Ne4 Rxc3 29. bxc3 Nxe5 30. Rab1 Bc6 31. Rb6 Bd5 32. c4 Nxc4 33. Ra6 Ne3 34.
Rxa4 Rxg2+ 35. Kh1 Rg6 36. h3 f5 0-1

[Event "Chigorin Memorial 2014"]
[Site "St Petersburg RUS"]
[Date "2014.10.18"]
[Round "1.20"]
[White "Wen, Yang"]
[Black "Zherebtsova, Alexandra"]
[Result "1-0"]
[WhiteTitle "GM"]
[BlackTitle "WFM"]
[WhiteElo "2601"]
[BlackElo "2142"]
[WhiteFideId "8602956"]
[BlackFideId "24129518"]
[EventDate "2014.10.18"]

1. d4 d5 2. c4 c6 3. Nf3 Nf6 4. Qc2 dxc4 5. Qxc4 Bf5 6. g3 e6 7. Bg2 Nbd7 8. O-O
Be7 9. e3 O-O 10. Rd1 Qc7 11. Nc3 e5 12. h3 h6 13. Qe2 Bh7 14. e4 Rfe8 15. dxe5
Nxe5 16. Nd4 Bb4 17. f4 Ned7 18. e5 Nb6 19. Kh2 Rad8 20. Be3 Nfd5 21. Nxd5 Nxd5
22. Bf2 Kh8 23. Rac1 Qb8 24. Rxc6 f6 25. Re6 Nc7 26. Rxe8+ Rxe8 27. Qc4 Be7 28.
Rc1 Na6 29. Nf3 Bg8 30. Qb5 Rd8 31. a3 Nc7 32. Qe2 Nd5 33. Rd1 Nb6 34. Bd4 Nc4
35. Nh4 fxe5 36. Ng6+ Kh7 37. Nxe7 exd4 38. Qe4+ 1-0

[Event "Chigorin Memorial 2014"]
[Site "St Petersburg RUS"]
[Date "2014.10.18"]
[Round "1.21"]
[White "Pyatin, Alexander"]
[Black "Volkov, Sergey"]
[Result "0-1"]
[BlackTitle "GM"]
[WhiteElo "2142"]
[BlackElo "2599"]
[WhiteFideId "24125920"]
[BlackFideId "4122763"]
[EventDate "2014.10.18"]

1. e4 e6 2. d4 d5 3. Nc3 Nf6 4. Bg5 Bb4 5. exd5 Qxd5 6. Bxf6 Bxc3+ 7. bxc3 gxf6
8. Qd2 Nc6 9. Nf3 Rg8 10. Rg1 b6 11. c4 Qe4+ 12. Be2 Ba6 13. O-O-O Na5 14. Bd3
Qc6 15. d5 Qa4 16. dxe6 fxe6 17. Bxh7 Qa3+ 18. Kb1 Bxc4 19. c3 Bd5 20. Qc2 Rg7
21. Bg6+ Kf8 22. Rxd5 exd5 23. Nd4 Re7 24. Nf5 Nc4 25. Nxe7 Qxe7 26. Qd3 Rd8 27.
h4 Qa3 28. Qc2 d4 29. Rd1 Rd5 30. Qb3 Qc5 31. Ka1 c6 32. h5 dxc3 33. Rxd5 cxd5
34. Qxc3 Qxf2 35. g4 Qf1+ 36. Bb1 Qf4 37. Qb4+ Kg8 38. Qc3 Kg7 39. Bf5 Qf1+ 40.
Bb1 Qf4 41. Bf5 b5 42. a3 a5 43. Qb3 Qc1+ 44. Ka2 Qd2+ 45. Qc2 Qe3 46. Qb3 Qf2+
47. Qc2 Qc5 48. Qb3 b4 49. axb4 axb4 50. Bc2 Ne3 51. Bd3 Nxg4 52. Be2 Ne3 53.
Qd3 f5 54. Qa6 Qc2+ 55. Ka1 Qc3+ 56. Kb1 Qb3+ 0-1

[Event "Chigorin Memorial 2014"]
[Site "St Petersburg RUS"]
[Date "2014.10.18"]
[Round "1.22"]
[White "Timofeev, Artyom"]
[Black "Lagashin, Pavel"]
[Result "1-0"]
[WhiteTitle "GM"]
[WhiteElo "2598"]
[BlackElo "2138"]
[WhiteFideId "4140419"]
[BlackFideId "24132144"]
[EventDate "2014.10.18"]

1. d4 d5 2. c4 c6 3. Nf3 Nf6 4. Nc3 dxc4 5. a4 Bf5 6. e3 e6 7. Bxc4 Bb4 8. O-O
Nbd7 9. Nh4 Bg6 10. g3 O-O 11. Qe2 Bh5 12. f3 e5 13. g4 exd4 14. Na2 d3 15. Qxd3
Nd5 16. Bxd5 Qxh4 17. Nxb4 cxd5 18. Nxd5 Bg6 19. e4 h5 20. gxh5 Bxh5 21. Bf4 Nc5
22. Qe3 Ne6 23. Bg3 Qh3 24. f4 f6 25. f5 Ng5 26. e5 Rad8 27. Nf4 Qxf5 28. Nxh5
Nh3+ 29. Kg2 Qxh5 30. exf6 Ng5 31. fxg7 Rfe8 32. Qb3+ Kh7 33. Rae1 Rd2+ 34. Kh1
Qh3 35. Qxb7 Re4 36. g8=Q+ Kxg8 37. Qa8+ Kg7 38. Qf8+ Kh7 39. Rf7+ Nxf7 40.
Qxf7+ Kh8 41. Qf8+ Kh7 42. Qf7+ Kh8 43. Rg1 1-0

[Event "Chigorin Memorial 2014"]
[Site "St Petersburg RUS"]
[Date "2014.10.18"]
[Round "1.23"]
[White "Nikitinyh, Boris"]
[Black "Demchenko, Anton"]
[Result "0-1"]
[BlackTitle "GM"]
[WhiteElo "2138"]
[BlackElo "2588"]
[WhiteFideId "4198328"]
[BlackFideId "4160258"]
[EventDate "2014.10.18"]

1. e4 e5 2. Nf3 Nc6 3. Bb5 Nge7 4. O-O g6 5. d4 exd4 6. Nxd4 Bg7 7. Be3 O-O 8.
Nc3 d5 9. exd5 Nb4 10. Qd2 Nbxd5 11. Bg5 Nxc3 12. bxc3 Qd6 13. Rfe1 Nd5 14. Rad1
c6 15. Bf1 Bg4 16. f3 Bd7 17. c4 Nf6 18. Qf2 Qc5 19. Be3 Qa3 20. Nb3 b6 21. Bc1
Qa4 22. Bb2 Be6 23. c5 Qxa2 24. Be5 Bxb3 25. cxb6 axb6 26. cxb3 Qxf2+ 27. Kxf2
Ra2+ 28. Kg1 Nd5 29. Bxg7 Kxg7 30. Rc1 Rc8 31. Re2 Rxe2 32. Bxe2 Nb4 33. Rd1 Rc7
34. Rd8 Kf6 35. Kf2 h5 36. Ke3 Ke7 37. Rb8 Kd6 38. Kd4 Re7 39. Bf1 b5 40. Kc3
Kc5 41. Kd2 Rd7+ 42. Kc1 Ra7 43. Kd2 Ra2+ 44. Ke3 Nd5+ 45. Ke4 Ra1 46. Bxb5 Re1+ 0-1